|
|
|
|
| LEADER |
00000nam0a2200000 4500 |
| 001 |
342327 |
| 005 |
20231102005436.0 |
| 035 |
|
|
|a (RuTPU)RU\TPU\book\371062
|
| 035 |
|
|
|a RU\TPU\book\371054
|
| 090 |
|
|
|a 342327
|
| 100 |
|
|
|a 20190125d1918 k y0rusy50 ca
|
| 101 |
0 |
|
|a rus
|
| 102 |
|
|
|a RU
|
| 105 |
|
|
|a a z 001zy
|
| 200 |
1 |
|
|a Глины Камско-Вятского водораздела
|e отчет по командировке 1916 г.
|g РСФСР, Геологический комитет (Геолком)
|f Б. Мефферт
|
| 210 |
|
|
|a Петроград
|c Издание Геологического комитета
|d 1918
|
| 215 |
|
|
|a 28 с.
|
| 225 |
1 |
|
|a Материалы по общей и прикладной геологии
|v Вып. 37
|
| 606 |
|
|
|a Глины
|x Месторождения
|2 stltpush
|3 (RuTPU)RU\TPU\subj\7356
|9 35037
|
| 610 |
1 |
|
|a Вятская губерния
|
| 610 |
1 |
|
|a разработка
|
| 610 |
1 |
|
|a геология
|
| 610 |
1 |
|
|a состав
|
| 610 |
1 |
|
|a залегание
|
| 675 |
|
|
|a 553.41
|v 4
|
| 700 |
|
1 |
|a Мефферт
|b Б.
|
| 712 |
0 |
1 |
|a РСФСР
|b Геологический комитет (Геолком)
|c (1917-1922)
|2 stltpush
|3 (RuTPU)RU\TPU\col\22318
|
| 801 |
|
1 |
|a RU
|b 63413507
|c 20170313
|
| 801 |
|
2 |
|a RU
|b 63413507
|c 20190125
|g RCR
|
| 942 |
|
|
|c BK
|